00727nam a2200229 a 450000100060000000300080000600500170001400800410003103500190007204000230009104100080011408200220012210000280014424500570017226000340022930000230026350000180028665000310030494200120033599900170034795201330036453294BD-RjUL20211209075935.0161005s1972 ilu b 001 0 eng  a(BD-RjUL)53414 aDLCcDLCdDLCbeng aeng00223a341bRAI 19721 aRashid, Harunur915931013aAn introduction to international lawcHarunur Rashid aChicago :bNelson-Hall,c1972 axi, 191 p.c23 cm. ainclude index 0aInternational law.9159311 2ddccBK c53294d53294 00102ddc40708NFICaRUCLbRUCLcStackd1972-08-26elaw houseg6.00l0o341 RAI 1972r2016-10-05 00:00:00tC-2w2016-10-05yBK